000 00700cab a2200229 4500
001 WB2417-34
008 090401t1988 xxu||||| |||| 00| 0 eng d
035 _a(Sirsi) u92908
041 _aeng
245 _aCrash repercussions
260 _c1988
350 _a0
490 _aContract Journal
_vVol 342 No 5662 21/4/88 p3
520 _aRepercussions of the stock market crash are being felt in the City , with some projects being abandoned and a lessening in demand for use of existing office space .
650 _aCANARY WHARF
650 _aDEVELOPMENT
650 _aJONES LANG WOOTTON
650 _aLONDON
690 _aPROPERTY LAW AND PRACTICE
942 _n0
948 _c04/03/1997
999 _c58883
_d58883